| 000 | 03689cam a2200865 a 4500 | ||
|---|---|---|---|
| 001 | 21395 | ||
| 003 | VRT | ||
| 005 | 20260228133708.0 | ||
| 008 | 251029s1954 xo gr 0000d slo c | ||
| 015 | _aSNBA1954 | ||
| 020 | _q(viazané) | ||
| 035 | _aSNK000241697 | ||
| 035 | _aurn:nbn:sk:snk-am3i71e | ||
| 035 | _aD20DD5A3-0655-4D34-887D-457ECCDEF294 | ||
| 035 | _aurn:nbn:sk:snk-am00dqne | ||
| 039 | 9 |
_a202510290925 _bVLOAD _c202403251008 _dmaubb02 _c202310250922 _dssvkbb03 _c202304031944 _dVLOAD |
|
| 040 |
_aSNK _bslo _cSNK _dAUBB _eAACR2 |
||
| 041 | 0 | _aslo | |
| 044 |
_axo _cSK |
||
| 072 | 7 |
_a821.162.4 _xSlovenská literatúra _2konspekt |
|
| 072 | 7 |
_a821.162.4-2 _xSlovenská dráma _2konspekt |
|
| 080 |
_a821.162.4-2 _22011 |
||
| 080 |
_a(0:82-2) _22011 |
||
| 080 |
_a(082) _22011 |
||
| 100 | 1 |
_aZáborský, Jonáš, _d1812-1876 _4aut |
|
| 245 | 1 | 0 |
_aVýber z diela IV _cJonáš Záborský ; výber sostavil Rudolf Mrlian ; pripravila, bibliografické poznámky a poznámky k textovej úprave napísala Viera Bunčáková ; vysvetlivkami opatril Ján V. Ormis |
| 246 | 3 | 0 | _aVýber z diela v štyroch sväzkoch |
| 250 | _a1. vydanie | ||
| 260 |
_aBratislava _bSlovenské vydavateľstvo krásnej literatúry _c1954 _eRužomberok _fSeveroslovenské tlačiarne |
||
| 300 |
_a548 strán _c21 cm |
||
| 366 | _e3000 kusov | ||
| 490 | 1 |
_aOdkazy našej klasiky _v9. sväzok |
|
| 490 | 1 | _aJonáš Záborský: Výber z diela v štyroch zväzkoch | |
| 500 | _aObsahuje 6 drám | ||
| 504 | _aObsahuje bibliografické poznámky a vysvetlivky | ||
| 600 | 1 | 7 |
_aMrlian, Rudolf, _d1916-2010 _tDramatická tvorba Jonáša Záborského _2SNKMA |
| 655 | 7 |
_aslovenské drámy _2SNKPH |
|
| 655 | 7 |
_adivadelné hry _2SNKPH |
|
| 655 | 7 |
_avýbery _2SNKPH |
|
| 655 | 7 |
_aSlovak drama _2SNKPHeng |
|
| 655 | 7 |
_aTheatre plays _2SNKPHeng |
|
| 655 | 7 |
_aSelections _2SNKPHeng |
|
| 700 | 1 |
_aBunčáková, Viera, _d1920-2003 _4edt _4red _4lso |
|
| 700 | 1 |
_aOrmis, Ján Vladimír, _d1903-1993 _4aut |
|
| 700 | 1 |
_aMrlian, Rudolf, _d1916-2010 _4com |
|
| 700 | 1 |
_aKorčián, Miroslav, _d1920- _4bjd |
|
| 740 | 0 | 2 | _aUbitie Dimitrija |
| 740 | 0 | 2 | _aOcárenie Godunova |
| 740 | 0 | 2 | _aLžedimitrij v Poľsku |
| 740 | 0 | 2 | _aPád Godunovcov |
| 740 | 0 | 2 | _aDóža |
| 740 | 0 | 2 | _aĎordie Čierny |
| 800 | 1 |
_aVýber z diela v štyroch zväzkoch _tVýber z diela v štyroch zväzkoch |
|
| 830 | 0 | _aOdkazy našej klasiky | |
| 910 | _asnk | ||
| 942 |
_2ddc _cKLDO _n0 |
||
| 949 |
_63830001088200 _akurukT18/ZABO1-4 _bkuruk2013/F10561 _oD2013/Stredná odborná škola polytechnická DK/17.10.2013dolný index 4 |
||
| 949 |
_617A0071195 _asnkSC 4891/4 D1 _bsnkK 2873/65 |
||
| 949 |
_617A0073807 _9P60, <04>, [BOOK], {604} _asnkSC 4891/4 D3 |
||
| 949 |
_617A0142317 _9P60, <03>, [BOOK], {603} _asnkSC 4891/4 _bsnk665/54 _osnkI. 6004/54 - 2. ev.č. _s6100:20190306 |
||
| 949 |
_6369701000021759 _aaubbD 16383 _baubbD16383 _pSlovenská dráma ; Darca DÚ BL |
||
| 949 |
_6273K0446330 _asvkpoB 2132/IVa _bsvkpo52442 |
||
| 949 |
_6273K0446338 _asvkpoB 2132/IV _bsvkpo46761 |
||
| 949 |
_6273K0446331 _asvkpoB 2132/IVb _bsvkpo84851 |
||
| 949 |
_6273K0442713 _asvkpoB 2132/IVc _bsvkpo84854 |
||
| 949 |
_6369701000001224 _aaubbD 1953 _baubbD1953 _pSlovenská dráma |
||
| 949 |
_63830001094282 _akurukT18/ZABO1-4 _bkuruk2014/F6249 _oD2014/J.M.Rydlo/ |
||
| 949 |
_6273K0197678 _asvkpoA 163494/IV _bsvkpo403869 |
||
| 949 |
_62889011823 _asavukM 8378 |
||
| 949 |
_62889063281 _asavukB 32330/4 |
||
| 949 |
_6270001000134308 _asvkbbS 58936 _bsvkbbm 35667 _p35.667 |
||
| 949 |
_6270001000166302 _asvkbbS 58937 _bsvkbbm 35668 _p35.668 |
||
| 999 |
_c21395 _d21395 |
||